000 00430 a2200157 4500
005 20250424162720.0
020 _a0-13-179722-0
082 _a657.42 HOR
100 _aHORNGREN, C. T.
245 _aCost Accounting: A Managerial Emphasis
250 _a6th Ed.
260 _aLondon,
_bPrentice-Hall,
_c1987.
300 _axxii, 980p.: ill.; figure, graph, table
_bGlossary, index.
_c22cm.
700 _aFOSTER, G.
942 _2ddc
_cBKS
999 _c1393
_d1393